[Event "Winter Tournament 2015/16  1500-2300"]
[Site "SchemingMind.com"]
[Date "2016.01.01"]
[Round "-"]
[White "fanfan_la_Tulipe"]
[Black "Stephen Woodhouse"]
[Result "1-0"]
[WhiteCountry "AUT"]
[BlackCountry "ENG"]
[WhiteElo "2130"]
[WhiteRD "73"]
[BlackElo "1814"]
[BlackRD "48"]
[GameID "392926"]

1. Nf3 d5 2. c4 e6 3. g3 Nf6 4. Bg2 c5 5. O-O Nc6 6. d4 Be7 7. cxd5 exd5 8. Nc3 O-O 9. Bg5 c4 10. Ne5 Be6
11. b3 h6 12. Nxc6 bxc6 13. Bxf6 Bxf6 14. bxc4 dxc4 15. e3 Qa5 16. Qc2 Rac8 17. Ne4 Be7 18. Rfd1 Rfd8 19. Rab1 f5 20. Rb7 Rd7
21. Rxd7 Bxd7 22. Qxc4+ Kh7 23. Nc5 Bxc5 24. dxc5 Qc7 25. Qf7 Rd8 26. Rd6 Qb7 27. Bf3 Qb1+ 28. Kg2 Qb7 29. Rxh6+ Kxh6 30. Qh5#
1-0

[Event "Winter Tournament 2015/16  1500-2300"]
[Site "SchemingMind.com"]
[Date "2016.01.01"]
[Round "-"]
[White "Stephen Woodhouse"]
[Black "fanfan_la_Tulipe"]
[Result "0-1"]
[WhiteCountry "ENG"]
[BlackCountry "AUT"]
[WhiteElo "1814"]
[WhiteRD "48"]
[BlackElo "2130"]
[BlackRD "73"]
[GameID "392927"]

1. e4 e5 2. Nf3 Nc6 3. d4 exd4 4. Nxd4 Nf6 5. Nc3 Bb4 6. Nxc6 bxc6 7. Bd3 d5 8. exd5 cxd5 9. O-O O-O 10. Bg5 c6
11. Qf3 Bd6 12. Rae1 Rb8 13. Nd1 h6 14. Bxf6 Qxf6 15. Qxf6 gxf6 16. b3 a5 17. a4 Bb4 18. Re2 Bg4 19. f3 Be6 20. Ne3 Rfe8
21. Nf5 h5 22. Nd4 Bc5 23. c3 Rxb3 24. Rc1 Bxd4+
0-1

[Event "Winter Tournament 2015/16  1500-2300"]
[Site "SchemingMind.com"]
[Date "2016.01.02"]
[Round "-"]
[White "Stephen Woodhouse"]
[Black "flyinduck"]
[Result "0-1"]
[WhiteCountry "ENG"]
[BlackCountry "CAN"]
[WhiteElo "1814"]
[WhiteRD "48"]
[BlackElo "2050"]
[BlackRD "53"]
[GameID "392928"]

1. e4 d6 2. d4 Nf6 3. Nc3 g6 4. f4 Bg7 5. Nf3 c5 6. Bb5+ Bd7 7. e5 Ng4 8. Bxd7+ Qxd7 9. d5 dxe5 10. h3 e4
11. Nxe4 Nf6 12. Ne5 Qd8 13. Nxf6+ exf6 14. Nf3 O-O 15. O-O Nd7 16. c4 b5 17. b3 bxc4 18. bxc4 Nb6 19. Qc2 Qc8 20. Be3 Qa6
21. Nd2 f5 22. Rab1 Rac8 23. Rfc1 Rfe8 24. Kf2 h6 25. Nb3 Na4 26. Nd2 Nc3 27. Rb3 Ne4+ 28. Nxe4 Rxe4 29. Rb5 Rce8 30. Re1 Bd4
31. Rb3 Rxf4+ 32. Kg3 Rfe4 33. Kf3 Qd6 34. Re2 Bxe3 35. Rexe3 Qf4+ 36. Ke2 Rxe3+
0-1

[Event "Winter Tournament 2015/16  1500-2300"]
[Site "SchemingMind.com"]
[Date "2016.01.01"]
[Round "-"]
[White "flyinduck"]
[Black "Stephen Woodhouse"]
[Result "1-0"]
[WhiteCountry "CAN"]
[BlackCountry "ENG"]
[WhiteElo "2050"]
[WhiteRD "53"]
[BlackElo "1814"]
[BlackRD "48"]
[GameID "392929"]

1. c4 e6 2. Nc3 d5 3. d4 c5 4. cxd5 exd5 5. Nf3 Nc6 6. dxc5 d4 7. Na4 Bxc5 8. Nxc5 Qa5+ 9. Bd2 Qxc5 10. Rc1 Qb6
11. e3 Nf6 12. Bc4 dxe3 13. Bxe3 Qb4+ 14. Bd2 Qe7+ 15. Be2 Be6 16. O-O O-O 17. Re1 Rfd8 18. Qa4 Rac8 19. Bg5 h6 20. Bh4 g5
21. Bg3 Nh5 22. Bc4 Nxg3 23. Bxe6 fxe6 24. hxg3 Qf6 25. Qb3 Re8 26. Qxb7 Ne7 27. Rxc8 Nxc8 28. Ne5 Rd8 29. Ng4
1-0

[Event "Winter Tournament 2015/16  1500-2300"]
[Site "SchemingMind.com"]
[Date "2016.01.07"]
[Round "-"]
[White "Phillip Beckett"]
[Black "DANDYLIONHONEYBADGER"]
[Result "1-0"]
[WhiteCountry "ENG"]
[BlackCountry "USA"]
[WhiteElo "1549"]
[WhiteRD "49"]
[BlackElo "1289"]
[BlackRD "73"]
[GameID "392938"]

1. e4 e5 2. Nf3 f6 3. Nxe5 fxe5 4. Qh5+ g6 5. Qxe5+ Qe7 6. Qxh8 Qg7 7. Qxg7 Bxg7 8. c3 Nc6 9. d4 Nce7 10. Bd3 c6
11. O-O d5 12. e5 Be6 13. Bg5 Nc8 14. f4 Nh6 15. Bxh6 Bxh6 16. f5 Be3+ 17. Kh1 gxf5 18. Bxf5 Ke7 19. Bxe6 Kxe6 20. Na3 Ne7
21. Rf6+ Kd7 22. Re1 Bg5 23. Rd6+ Ke8 24. g3 Rd8 25. Rxd8+ Kxd8 26. Rf1 Ng6 27. Nc2 Be7 28. Rf7 Ke8 29. Rxh7 a5 30. Ne3 Nf8
31. Rh8 Ba3 32. bxa3 Kf7 33. Rh4 Ng6 34. Rh7+ Kg8 35. Rxb7 Kf8 36. Nf5 a4 37. Ra7 Nh8 38. Ne7 Kg7 39. Nxc6+ Nf7 40. e6
1-0

[Event "Winter Tournament 2015/16  1500-2300"]
[Site "SchemingMind.com"]
[Date "2016.01.07"]
[Round "-"]
[White "DANDYLIONHONEYBADGER"]
[Black "Phillip Beckett"]
[Result "0-1"]
[WhiteCountry "USA"]
[BlackCountry "ENG"]
[WhiteElo "1309"]
[WhiteRD "68"]
[BlackElo "1556"]
[BlackRD "49"]
[GameID "392939"]

1. Nc3 Nf6 2. e4 e5 3. d4 exd4 4. Qxd4 Nc6 5. Qc4 d6 6. Qd3 Ne5 7. Qd4 Nc6 8. Qa4 Bd7 9. Bb5 a6 10. Bd3 Be7
11. h3 Ne5 12. Bf4 Bxa4 13. Nxa4 Nxd3+ 14. cxd3 O-O 15. Ne2 Nh5 16. Be3 Bg5 17. f4 Bh4+ 18. Bf2 Bxf2+ 19. Kxf2 Qh4+ 20. g3 Qe7
21. Rac1 b5 22. Nac3 c5 23. Nd5 Qb7 24. Nec3 c4 25. g4 Nf6 26. Nxf6+ gxf6 27. Rcd1 cxd3 28. Rxd3 Rfd8 29. Rhd1 Qc7 30. Ke2 Qc4
31. b3 Rac8 32. bxc4 Rxc4 33. Ke3 Rdc8 34. Rxd6 Rxc3+ 35. R1d3 Rxd3+ 36. Kxd3 Rc1 37. Kd4 a5 38. Rxf6 Ra1 39. e5 Rxa2 40. e6 fxe6
41. Rxe6 b4 42. Re8+ Kf7 43. Rh8 Kg7 44. Ra8 a4 45. f5 b3 46. Ra7+ Kf6 47. Rxh7 b2 48. Rb7 a3 49. Rb6+ Kf7 50. Ke5 Ra1
51. Rb7+ Ke8 52. f6 Re1+ 53. Kf5 b1=Q+ 54. Rxb1 Rxb1 55. Kg6 Rb6 56. g5 a2 57. h4 a1=Q 58. h5 Qb1+ 59. Kg7 Qb2 60. h6 Qe5
61. h7 Qxg5+
0-1

[Event "Winter Tournament 2015/16  1500-2300"]
[Site "SchemingMind.com"]
[Date "2016.01.07"]
[Round "-"]
[White "Scooter"]
[Black "DANDYLIONHONEYBADGER"]
[Result "1-0"]
[WhiteCountry "USA"]
[BlackCountry "USA"]
[WhiteElo "1710"]
[WhiteRD "48"]
[BlackElo "1289"]
[BlackRD "73"]
[GameID "392940"]

1. d4 c6 2. Nf3 f6 3. Bf4 d6 4. e3 Bg4 5. Be2 e5 6. Bg3 g5 7. dxe5 dxe5 8. O-O Nd7 9. h3 Bf5 10. Nbd2 e4
11. Nd4 Nh6 12. Nxf5 Nxf5 13. Nxe4 Qa5 14. Bh5+ Kd8 15. Nxf6 Bd6 16. Bxd6 Nxf6 17. Bb4+ Qd5 18. Bf3 Qxd1 19. Rfxd1+ Nd7 20. Bg4 Nh6
21. Bxd7 Nf7 22. Bxc6+ Kc7 23. Rd7+ Kxc6 24. Rxf7 Rad8 25. Kf1 b6 26. Ke2 Rd7 27. Rxd7 Kxd7 28. Rd1+ Kc8 29. c4 a5 30. Bc3 Rd8
31. Rxd8+ Kxd8 32. Bf6+ Ke8 33. Bxg5 Kd7 34. Kd3 Kc6 35. a4 Kc5 36. Be7+ Kc6 37. Kd4 h6 38. c5 b5 39. axb5+ Kxb5 40. Kd5 a4
41. c6 Kb6 42. Kd6 Kb5 43. c7 Kb4 44. c8=Q Kb3 45. Qc3+ Ka2 46. Bf6 Kb1 47. b4 Ka2 48. Qb2#
1-0

[Event "Winter Tournament 2015/16  1500-2300"]
[Site "SchemingMind.com"]
[Date "2016.01.07"]
[Round "-"]
[White "DANDYLIONHONEYBADGER"]
[Black "Scooter"]
[Result "0-1"]
[WhiteCountry "USA"]
[BlackCountry "USA"]
[WhiteElo "1335"]
[WhiteRD "77"]
[BlackElo "1712"]
[BlackRD "48"]
[GameID "392941"]

1. Nc3 d5 2. d4 Nf6 3. f3 e6 4. e4 dxe4 5. fxe4 Bb4 6. a3 Bxc3+ 7. bxc3 O-O 8. Bd3 b6 9. e5 Nd5 10. Qh5 g6
11. Qh4 Qxh4+ 12. g3 Qd8 13. Be4 c6 14. Ne2 Ba6 15. Nf4 Nxc3 16. Bf3 Qxd4 17. Bd2 Qxe5+ 18. Kf2 Ne4+ 19. Ke3 Nxg3+ 20. Be4 Qxe4+
21. Kf2 Nxh1+ 22. Kg1 Qd4+ 23. Kxh1 Qxa1+ 24. Kg2 Qf1+ 25. Kg3 Qg1+ 26. Ng2 Bf1 27. Kf3 Qxg2+ 28. Ke3 Qe2+ 29. Kd4 Qxd2+ 30. Ke4 Qxc2+
31. Kf3 Qe2+ 32. Kg3 Qg2+ 33. Kf4 g5+ 34. Ke5 Qd5+ 35. Kf6 Nd7+ 36. Ke7 Rae8#
0-1

[Event "Winter Tournament 2015/16  1500-2300"]
[Site "SchemingMind.com"]
[Date "2016.01.07"]
[Round "-"]
[White "Transcendent"]
[Black "DANDYLIONHONEYBADGER"]
[Result "1-0"]
[WhiteCountry "ENG"]
[BlackCountry "USA"]
[WhiteElo "1664"]
[WhiteRD "61"]
[BlackElo "1289"]
[BlackRD "73"]
[GameID "392942"]

1. d4 e6 2. c4 c6 3. Nf3 Bb4+ 4. Bd2 Na6 5. Nc3 Qe7 6. e3 d6 7. Bd3 g6 8. O-O e5 9. dxe5 dxe5 10. e4 h5
11. a3 Bxc3 12. Bxc3 Qd8 13. Bxe5 f6 14. Bc3 Ne7 15. e5 f5 16. e6 Bxe6 17. Bxh8 c5 18. Ng5 Bg8 19. Re1 Qd4 20. Bxd4 cxd4
21. Qe2 Nc5 22. Qxe7#
1-0

[Event "Winter Tournament 2015/16  1500-2300"]
[Site "SchemingMind.com"]
[Date "2016.01.07"]
[Round "-"]
[White "DANDYLIONHONEYBADGER"]
[Black "Transcendent"]
[Result "1-0"]
[WhiteCountry "USA"]
[BlackCountry "ENG"]
[WhiteElo "1309"]
[WhiteRD "68"]
[BlackElo "1506"]
[BlackRD "53"]
[GameID "392943"]

1. Nc3 d5 2. d4 Nf6 3. g3 Bf5 4. Nf3 e6 5. g4 Bxg4 6. Bg2 Bd6 7. a3 c5 8. h3 Bf5 9. Nb5 O-O 10. Bg5 Be7
11. h4 a6 12. Nc3 Ne4 13. O-O Nxg5 14. Nxg5 Bxg5 15. e3 Bxh4 16. dxc5 Nc6 17. f3 Bg3 18. Ne2 Bc7 19. c3 Qg5 20. f4 Qg6
21. Nd4 Be4 22. Kf2 Qxg2+ 23. Ke1 Nxd4 24. cxd4 f5 25. Qe2 Qg3+ 26. Kd2 b6 27. Rg1 Qh4 28. b4 a5 29. b5 bxc5 30. dxc5 d4
31. exd4 Qxf4+ 32. Qe3 Qh2+ 33. Ke1 Qh4+ 34. Kd1
1-0

[Event "Winter Tournament 2015/16  1500-2300"]
[Site "SchemingMind.com"]
[Date "2016.01.07"]
[Round "-"]
[White "fanfan_la_Tulipe"]
[Black "DANDYLIONHONEYBADGER"]
[Result "1-0"]
[WhiteCountry "AUT"]
[BlackCountry "USA"]
[WhiteElo "2184"]
[WhiteRD "78"]
[BlackElo "1335"]
[BlackRD "77"]
[GameID "392944"]

1. Nf3 e6 2. c4 Na6 3. g3 Bd6 4. Bg2 c5 5. Nc3 Qf6 6. Ne4 Qe5 7. Nxe5 Bxe5 8. O-O h6 9. e3 b6 10. Nxc5 Nxc5
11. Bxa8 Nf6 12. d4 Bb7 13. Bxb7 Nxb7 14. dxe5 Ne4 15. Qf3 Ng5 16. Qxb7 Ke7 17. Rd1 Nf3+ 18. Qxf3 Rf8 19. Qb7 Rd8 20. b3 f6
21. Ba3+ Ke8 22. Rd6 Kf7 23. Rxd7+ Rxd7 24. Qxd7+ Kg6 25. Qxe6 Kh7 26. exf6 Kg6 27. f7+ Kg5 28. f8=Q h5 29. Qff5#
1-0

[Event "Winter Tournament 2015/16  1500-2300"]
[Site "SchemingMind.com"]
[Date "2016.01.07"]
[Round "-"]
[White "DANDYLIONHONEYBADGER"]
[Black "fanfan_la_Tulipe"]
[Result "0-1"]
[WhiteCountry "USA"]
[BlackCountry "AUT"]
[WhiteElo "1414"]
[WhiteRD "99"]
[BlackElo "2192"]
[BlackRD "72"]
[GameID "392945"]

1. Nc3 Nf6 2. e4 e5 3. Nf3 Nc6 4. Bc4 Nxe4 5. Nxe4 d5 6. Bd3 dxe4 7. Bxe4 Bd6 8. c3 O-O 9. d4 exd4 10. Bd2 Re8
11. cxd4 Rxe4+ 12. Be3 Bb4+ 13. Kf1 Bg4 14. d5 Ne5 15. Qc2 Qxd5 16. Nxe5 Rxe5 17. Qxc7 Rxe3 18. fxe3 Qd3+ 19. Kf2 Qe2+ 20. Kg1 Qxe3+
21. Kf1 Be2#
0-1

[Event "Winter Tournament 2015/16  1500-2300"]
[Site "SchemingMind.com"]
[Date "2016.01.07"]
[Round "-"]
[White "Stephen Woodhouse"]
[Black "DANDYLIONHONEYBADGER"]
[Result "1-0"]
[WhiteCountry "ENG"]
[BlackCountry "USA"]
[WhiteElo "1805"]
[WhiteRD "50"]
[BlackElo "1414"]
[BlackRD "99"]
[GameID "392946"]

1. e4 Nc6 2. d4 e5 3. Nf3 d5 4. exd5 Nce7 5. Bb5+ Bd7 6. Bxd7+ Qxd7 7. Nxe5 Qxd5 8. O-O f6 9. Nc3 Qe6 10. Nf3 Nd5
11. Re1 Qxe1+ 12. Qxe1+ Nge7 13. Nxd5 O-O-O 14. Nxe7+ Kb8 15. Bf4 Rd7 16. Nc6+ bxc6 17. Qe8+ Kb7 18. Qxd7 Kb6 19. Bxc7+ Kb7 20. Bd8+ Ka6
21. Qxc6#
1-0

[Event "Winter Tournament 2015/16  1500-2300"]
[Site "SchemingMind.com"]
[Date "2016.01.07"]
[Round "-"]
[White "DANDYLIONHONEYBADGER"]
[Black "Stephen Woodhouse"]
[Result "0-1"]
[WhiteCountry "USA"]
[BlackCountry "ENG"]
[WhiteElo "1335"]
[WhiteRD "77"]
[BlackElo "1824"]
[BlackRD "49"]
[GameID "392947"]

1. Nc3 e6 2. d4 f5 3. Nf3 Nf6 4. Bg5 Be7 5. Bxf6 Bxf6 6. e4 fxe4 7. Nxe4 O-O 8. Nxf6+ Qxf6 9. g3 Qxf3 10. Qxf3 Rxf3
11. O-O-O Rxf2 12. Bc4 Nc6 13. d5 Nb4 14. dxe6 dxe6 15. Rd8+ Kf7 16. Re1 Rxc2+ 17. Kb1 Rxc4 18. Rf1+ Ke7 19. Rff8 Re4 20. Rfe8+ Kf6
21. Rf8+ Ke5 22. Rf1 b6 23. Rfd1 Bb7 24. R8d7 Nd5 25. a3 Rf8 26. Rc1 Rf2 27. Rxg7 Ree2 28. Rg5+ Kd6 29. Rd1 Rxb2+ 30. Kc1 Rfc2#
0-1

[Event "Winter Tournament 2015/16  1500-2300"]
[Site "SchemingMind.com"]
[Date "2016.01.07"]
[Round "-"]
[White "DANDYLIONHONEYBADGER"]
[Black "flyinduck"]
[Result "0-1"]
[WhiteCountry "USA"]
[BlackCountry "CAN"]
[WhiteElo "1335"]
[WhiteRD "77"]
[BlackElo "2083"]
[BlackRD "52"]
[GameID "392948"]

1. Nc3 c5 2. a3 Nc6 3. d3 d5 4. e4 d4 5. Nd5 e6 6. Nf4 e5 7. Nd5 Be6 8. c4 dxc3 9. bxc3 Bxd5 10. exd5 Qxd5
11. c4 Qd7 12. Nf3 g6 13. Bb2 Bg7 14. g3 Rd8 15. Qe2 Nge7 16. h4 O-O 17. Bh3 Qxd3 18. Rd1 Qb3 19. O-O e4 20. Ng5 Qxb2
21. Qxb2 Bxb2 22. Rxd8 Rxd8 23. Bg4 f5 24. Ne6 Rd6 25. Nxc5 fxg4 26. Nxb7 Rd4 27. c5 Nf5 28. Rb1 Bxa3 29. Kg2 Rb4 30. Rxb4 Bxb4
31. f3 exf3+ 32. Kf2 a5 33. Kg1 a4 34. Kf2 a3 35. Kg1 a2
0-1

[Event "Winter Tournament 2015/16  1500-2300"]
[Site "SchemingMind.com"]
[Date "2016.01.07"]
[Round "-"]
[White "flyinduck"]
[Black "DANDYLIONHONEYBADGER"]
[Result "1-0"]
[WhiteCountry "CAN"]
[BlackCountry "USA"]
[WhiteElo "2083"]
[WhiteRD "52"]
[BlackElo "1335"]
[BlackRD "77"]
[GameID "392949"]

1. c4 b6 2. d4 c5 3. d5 d6 4. Nc3 Nf6 5. e4 e5 6. h3 Be7 7. Bd3 a6 8. Nf3 Nh5 9. Nxe5 dxe5 10. Qxh5 g6
11. Qxe5 f6 12. Qg3 Bd6 13. Bf4 Be7 14. Bxb8 Rxb8 15. Qxb8 Bd6 16. Qa7 f5 17. Qg7 Rf8 18. Qxh7 Qf6 19. O-O Rh8 20. Qa7 Qd8
21. exf5 gxf5 22. Qg7 Qh4 23. Rfe1+ Kd8 24. Re6 Bxe6 25. dxe6 Qf6 26. Qxf6+ Ke8 27. Qf7+ Kd8 28. Qd7#
1-0

[Event "Winter Tournament 2015/16  1500-2300"]
[Site "SchemingMind.com"]
[Date "2016.01.02"]
[Round "-"]
[White "The Stonewall"]
[Black "Phillip Beckett"]
[Result "1-0"]
[WhiteCountry "ENG"]
[BlackCountry "ENG"]
[WhiteElo "2227"]
[WhiteRD "82"]
[BlackElo "1580"]
[BlackRD "48"]
[GameID "392977"]

1. d4 d5 2. Bf4 Nf6 3. e3 e6 4. Nd2 c5 5. c3 Nc6 6. Ngf3 Bd6 7. Ne5 cxd4 8. exd4 Qc7 9. Bb5 Bd7 10. Qe2 a6
11. Bd3 O-O 12. O-O b5 13. a3 Na5 14. Bg5 Be7 15. f4 h6 16. Bxf6 Bxf6 17. Ng4 Be7 18. f5 exf5 19. Nxh6+ gxh6 20. Qxe7 Rae8
21. Qh4 Qd6 22. Bxf5 Bxf5 23. Rxf5 Qg6 24. Rf3 Kh7 25. Rg3 Qe6 26. Rf1 f5 27. Nf3 Rg8 28. Re1 Qxe1+ 29. Nxe1 Rxe1+ 30. Kf2 Rxg3
31. Qxg3 Re7 32. Qd6 Rg7 33. Qxa6 Nc4 34. Qxb5 f4 35. Qxd5
1-0

[Event "Winter Tournament 2015/16  1500-2300"]
[Site "SchemingMind.com"]
[Date "2016.01.02"]
[Round "-"]
[White "Phillip Beckett"]
[Black "The Stonewall"]
[Result "0-1"]
[WhiteCountry "ENG"]
[BlackCountry "ENG"]
[WhiteElo "1580"]
[WhiteRD "48"]
[BlackElo "2227"]
[BlackRD "82"]
[GameID "392978"]

1. d4 c5 2. e3 cxd4 3. exd4 d5 4. Bd3 Nc6 5. c3 Qc7 6. Nf3 Bg4 7. Nbd2 e6 8. O-O Bd6 9. Qa4 Nf6 10. h3 Bh5
11. g4 Bg6 12. Nh4 Bxd3 13. Ndf3 Bxf1
0-1

[Event "Winter Tournament 2015/16  1500-2300"]
[Site "SchemingMind.com"]
[Date "2016.01.02"]
[Round "-"]
[White "The Stonewall"]
[Black "Scooter"]
[Result "1-0"]
[WhiteCountry "ENG"]
[BlackCountry "USA"]
[WhiteElo "2227"]
[WhiteRD "82"]
[BlackElo "1696"]
[BlackRD "46"]
[GameID "392979"]

1. d4 Nf6 2. Bf4 g6 3. e3 Bg7 4. Nf3 d6 5. h3 O-O 6. Be2 Nbd7 7. O-O Re8 8. Bh2 e5 9. c4 exd4 10. exd4 b6
11. Nc3 Bb7 12. Bf4 Nh5 13. Bg5 Bf6 14. Qd2 Bxg5 15. Nxg5 Nhf6 16. Rfe1 Ne4 17. Ngxe4 Bxe4 18. Nxe4 Rxe4 19. Bf3 Rxe1+ 20. Rxe1 Rb8
21. Qe3 Nf6 22. Bc6 Kf8 23. g4 d5 24. g5 Ne4 25. h4 f5 26. Bxd5 Qe8 27. Qf4
1-0

[Event "Winter Tournament 2015/16  1500-2300"]
[Site "SchemingMind.com"]
[Date "2016.01.02"]
[Round "-"]
[White "Scooter"]
[Black "The Stonewall"]
[Result "0-1"]
[WhiteCountry "USA"]
[BlackCountry "ENG"]
[WhiteElo "1696"]
[WhiteRD "46"]
[BlackElo "2227"]
[BlackRD "82"]
[GameID "392980"]

1. d4 c5 2. Nf3 cxd4 3. Nxd4 d5 4. Bf4 Nc6 5. Nxc6 bxc6 6. e3 Qb6 7. b3 Nf6 8. Be2 Bf5 9. O-O e6 10. Nd2 Bc5
11. c4 O-O 12. cxd5 cxd5 13. h3 Rac8 14. a3 Bd6 15. Bxd6 Qxd6 16. b4 e5 17. Rc1 Rxc1 18. Qxc1 Rc8 19. Qa1 Rc2 20. Rd1 Qc7
21. Kf1 d4 22. exd4 e4 23. Nb3 Qh2
0-1

[Event "Winter Tournament 2015/16  1500-2300"]
[Site "SchemingMind.com"]
[Date "2016.01.07"]
[Round "-"]
[White "The Stonewall"]
[Black "Transcendent"]
[Result "1-0"]
[WhiteCountry "ENG"]
[BlackCountry "ENG"]
[WhiteElo "2238"]
[WhiteRD "77"]
[BlackElo "1668"]
[BlackRD "58"]
[GameID "392981"]

1. d4 d5 2. Bf4 Nf6 3. e3 Bf5 4. Nf3 c5 5. dxc5 Nc6 6. Nd4 Bg6 7. Bb5 Rc8 8. O-O e6 9. Nxc6 bxc6 10. Ba6 Bxc5
11. Bxc8 Qxc8 12. Nd2 O-O 13. Nb3 Bb6 14. Qe2 c5 15. c4 d4 16. exd4 cxd4 17. Bd6 Rd8 18. c5 Ba5 19. Nxa5 Rd7 20. Qe5 Ne4
21. Qxd4 Nxd6 22. cxd6 h6 23. Rac1 Qa6 24. Nc6 Kh8 25. Rfd1 Bh5 26. Nb8
1-0

[Event "Winter Tournament 2015/16  1500-2300"]
[Site "SchemingMind.com"]
[Date "2016.01.07"]
[Round "-"]
[White "Transcendent"]
[Black "The Stonewall"]
[Result "0-1"]
[WhiteCountry "ENG"]
[BlackCountry "ENG"]
[WhiteElo "1656"]
[WhiteRD "56"]
[BlackElo "2243"]
[BlackRD "82"]
[GameID "392982"]

1. d4 e6 2. c4 f5 3. g3 Nf6 4. Bg2 Be7 5. Nc3 O-O 6. Nf3 d6 7. O-O Ne4 8. Qc2 Nxc3 9. Qxc3 a5 10. b3 Nc6
11. Bb2 Bf6 12. Rfd1 Qe7 13. e3 e5 14. Rac1 e4 15. Nd2 Nb4 16. a3 Na2 17. Qc2 Nxc1 18. Rxc1 Bd7 19. Nb1 c6 20. Nc3 Qf7
21. d5 Rab8 22. Ne2 Bxb2 23. Qxb2 cxd5 24. cxd5 Qxd5 25. Nd4 Rbc8 26. Rxc8 Rxc8 27. Bf1 Kf8 28. Bc4 Qc5 29. Kg2 d5 30. Be2 Qc1
31. Qa2 f4 32. gxf4 Qe1 33. b4 Rc1 34. Qxd5 Qg1#
0-1

[Event "Winter Tournament 2015/16  1500-2300"]
[Site "SchemingMind.com"]
[Date "2016.01.02"]
[Round "-"]
[White "The Stonewall"]
[Black "fanfan_la_Tulipe"]
[Result "1/2-1/2"]
[WhiteCountry "ENG"]
[BlackCountry "AUT"]
[WhiteElo "2238"]
[WhiteRD "77"]
[BlackElo "2192"]
[BlackRD "72"]
[GameID "392983"]

1. d4 Nf6 2. Bf4 g6 3. e3 Bg7 4. Nf3 c5 5. c3 b6 6. Nbd2 Bb7 7. Be2 O-O 8. Qb3 d6 9. dxc5 dxc5 10. Rd1 Qc8
11. O-O Nc6 12. h3 Na5 13. Qa4 Bc6 14. Qc2 Bb7 15. Rfe1 Re8 16. e4 Nh5 17. Bh2 e5 18. Nc4 Nxc4 19. Bxc4 Qc7 20. Bd5 h6
21. Bxb7 Qxb7 22. Rd5 Qc7 23. Red1 Re7 24. Qa4 Qb8 25. Qc4 Qe8 26. Rd6 Kh7 27. h4 Rc8 28. a4 Nf4 29. R1d2 Nh5 30. Ne1 Nf4
31. Nf3 Nh5 32. Ne1 Nf4 33. Nf3 Nh5 34. Ne1 Nf4 35. Nf3
1/2-1/2

[Event "Winter Tournament 2015/16  1500-2300"]
[Site "SchemingMind.com"]
[Date "2016.01.07"]
[Round "-"]
[White "fanfan_la_Tulipe"]
[Black "The Stonewall"]
[Result "1/2-1/2"]
[WhiteCountry "AUT"]
[BlackCountry "ENG"]
[WhiteElo "2184"]
[WhiteRD "81"]
[BlackElo "2249"]
[BlackRD "84"]
[GameID "392984"]

1. Nf3 f5 2. g3 Nf6 3. Bg2 e6 4. c4 Be7 5. O-O O-O 6. b3 Nc6 7. Bb2 b6 8. d4 d5 9. Nbd2 Bb7 10. Qc2 Ne4
11. Rac1 Nb4 12. Qb1 c5 13. Rfd1 Rc8 14. dxc5 Bxc5 15. e3 Qe7 16. a3 Nc6 17. b4 Bd6 18. Qa2 Nd8 19. cxd5 Bxd5 20. Qa1 Rxc1
21. Rxc1 Nc6 22. Nc4 b5 23. Nxd6 Nxd6 24. Rd1 Rd8 25. Nd2 Bxg2 26. Kxg2 e5 27. Nb3 Nc4 28. Bc3 Rxd1 29. Qxd1 Qd8 30. Qxd8+ Nxd8
31. Nc5 Kf7 32. a4 bxa4 33. Nxa4 Ke6 34. Kf3 Kd5 35. Ke2 Ne6 36. h4 g6 37. Kd3 Nd6 38. Be1 e4+ 39. Kc3 Nc4 40. Kb3 Ne5
41. Nc3+ Kc6 42. Nd1 Nd3 43. Bd2 Nc7 44. Kc4 Nb5 45. Kb3 Kd5 46. Bc3 a6 47. Bg7 Nc7 48. Ba1 Nb5 49. Bg7 Nc7 50. Ba1 Nb5
51. Bg7 Nc7 52. Ba1
1/2-1/2

[Event "Winter Tournament 2015/16  1500-2300"]
[Site "SchemingMind.com"]
[Date "2016.01.02"]
[Round "-"]
[White "The Stonewall"]
[Black "Stephen Woodhouse"]
[Result "1-0"]
[WhiteCountry "ENG"]
[BlackCountry "ENG"]
[WhiteElo "2227"]
[WhiteRD "82"]
[BlackElo "1814"]
[BlackRD "48"]
[GameID "392985"]

1. d4 e6 2. Bf4 d5 3. e3 Bd6 4. Bxd6 Qxd6 5. Qg4 g6 6. Nd2 Nf6 7. Qh4 Qe7 8. Ngf3 Nh5 9. Bd3 Qxh4 10. Nxh4 c5
11. dxc5 Nd7 12. Nb3 Ne5 13. Ke2 Bd7 14. a4 O-O 15. Rhd1 Nf6 16. Nf3 Nxf3 17. gxf3 Rac8 18. f4 Rfd8 19. c3 Bc6 20. Nd4 Nd7
21. b4 e5 22. fxe5 Nxe5 23. Nb5 Nxd3 24. Kxd3 Bxb5+ 25. axb5 Ra8 26. Rd2 a6 27. bxa6 Rxa6 28. Rxa6 bxa6 29. Ra2 Ra8 30. Kd4
1-0

[Event "Winter Tournament 2015/16  1500-2300"]
[Site "SchemingMind.com"]
[Date "2016.01.02"]
[Round "-"]
[White "Stephen Woodhouse"]
[Black "The Stonewall"]
[Result "0-1"]
[WhiteCountry "ENG"]
[BlackCountry "ENG"]
[WhiteElo "1814"]
[WhiteRD "48"]
[BlackElo "2227"]
[BlackRD "82"]
[GameID "392986"]

1. e4 c6 2. d4 d5 3. exd5 cxd5 4. c4 Nf6 5. Nc3 Nc6 6. Nf3 g6 7. cxd5 Nxd5 8. Qb3 Nxc3 9. bxc3 Bg7 10. Be2 O-O
11. O-O Qc7 12. Rd1 Be6 13. Qc2 Rfd8 14. Be3 Rac8 15. Rac1 Nb4 16. Qb2 Nxa2 17. Ra1 Nxc3 18. Rdc1 Nxe2+ 19. Qxe2 Qb8 20. Rxc8 Rxc8
21. g3 Qa8 22. Ra5 b6 23. Ra1 Bg4 24. Kg2 Rc2 25. Qd1 Qe4 26. Rxa7 Qxe3
0-1

[Event "Winter Tournament 2015/16  1500-2300"]
[Site "SchemingMind.com"]
[Date "2016.01.07"]
[Round "-"]
[White "The Stonewall"]
[Black "DANDYLIONHONEYBADGER"]
[Result "1-0"]
[WhiteCountry "ENG"]
[BlackCountry "USA"]
[WhiteElo "2238"]
[WhiteRD "77"]
[BlackElo "1414"]
[BlackRD "99"]
[GameID "392987"]

1. d4 d5 2. Bg5 h6 3. Bh4 g5 4. Bg3 f6 5. e3 Be6 6. Bd3 c6 7. Nc3 f5 8. h4 Qa5 9. hxg5 a6 10. Qh5+ Bf7
11. g6 Kd7 12. Qxf5+ Be6 13. Qxf8 h5 14. Nf3 Qd8 15. g7 Rh6 16. Na4 Qa5+ 17. Kf1 Rf6 18. Ne5+ Kd6 19. Nf7+ Kd7 20. Nc5+ Qxc5
21. Qd8#
1-0

[Event "Winter Tournament 2015/16  1500-2300"]
[Site "SchemingMind.com"]
[Date "2016.01.07"]
[Round "-"]
[White "DANDYLIONHONEYBADGER"]
[Black "The Stonewall"]
[Result "0-1"]
[WhiteCountry "USA"]
[BlackCountry "ENG"]
[WhiteElo "1414"]
[WhiteRD "99"]
[BlackElo "2238"]
[BlackRD "77"]
[GameID "392988"]

1. Nc3 Nf6 2. e4 d5 3. d4 Nxe4 4. Nxe4 dxe4 5. Qe2 Qxd4 6. c3 Qd5 7. c4 Qc6 8. b3 Nd7 9. Be3 Nf6 10. h3 e5
11. Rd1 Bb4+ 12. Bd2 a5 13. Bxb4 axb4 14. Qd2 O-O 15. f3 Bf5 16. g4 exf3 17. gxf5 Ne4 18. Qe3 f2+ 19. Ke2 Nc3+ 20. Kd2 Rfd8+
21. Kc2 Rxa2+ 22. Kc1 Rxd1#
0-1

[Event "Winter Tournament 2015/16  1500-2300"]
[Site "SchemingMind.com"]
[Date "2016.01.02"]
[Round "-"]
[White "The Stonewall"]
[Black "flyinduck"]
[Result "1/2-1/2"]
[WhiteCountry "ENG"]
[BlackCountry "CAN"]
[WhiteElo "2227"]
[WhiteRD "82"]
[BlackElo "2050"]
[BlackRD "53"]
[GameID "392989"]

1. d4 Nf6 2. Bf4 d5 3. e3 e6 4. Nd2 c5 5. c3 Nc6 6. Ngf3 Bd6 7. Bg3 O-O 8. Bd3 b6 9. e4 Be7 10. e5 Nh5
11. Qc2 g6 12. O-O a5 13. Rae1 Ba6 14. Bxa6 Rxa6 15. Qd3 Ra7 16. Qe3 Re8 17. Bf4 Nxf4 18. Qxf4 a4 19. a3 cxd4 20. cxd4 Na5
21. Rc1 Rc7 22. Qe3 Qd7 23. Qd3 Rec8 24. Qb1 b5 25. Rfd1 Rc6 26. Rxc6 Qxc6 27. Nf1 Nb3 28. Ne3 Kg7 29. Qd3 Nc1=
1/2-1/2